000 00795nam a2200253 a 4500
999 _c10603
_d10603
001 10603
003 BD-JhCC
005 20200205134007.0
008 180728s20081967xxua|||| |||| 001 0 eng d
020 _a9847022000172
035 _a(BD-JhCC)10603
040 _aBD-JhCC
_dBD-JhCC
041 _aeng
082 _a954.9040924
_bKHA 2008
100 _aKhan, Mohammad Ayub
_c1907-1974
245 _aFriends not masters :
_ba political autobiography /
_cMohammad Ayub Khan,
260 _aDhaka :
_bThe University Press Limited,
_c2008
300 _a275 p. :
_bill. ;
_c22 cm.
490 _aRoad to Bangladesh Series
504 _aIncludes Index and Bibliography
600 _aAyub Khan, Mohammad,
_cPresidents
_d 1907-1974
650 _aPolitics and government
_zPakistan
942 _2ddc
_cBK
_03